000 00617nam a22001457a 4500
020 _a978-1-4424-9395-7
082 _a823
_bDIX/H
100 _aDIXON, FRANKLIN W
245 _aHARDY BOYS ADVENTURES - PERIL AT GRANITE PEAK
260 _aNEW YORK
_bALADDIN PAPERBACK
_c2014
300 _a147
520 _aWhat could be better than an action-packed week of skiing and snowboarding set against a scenic mountain landscape? But their plans hit an unexpected bump when a blizzard blows in, closing the roads and leaving the boys stranded in the lodge with several others.
650 _aMYSTERY
_zUNITED STATES
942 _cBK
999 _c7819
_d7819